Романовы. Михаил Федорович: династия в романах; Михаил Федорович; Избранник Божий; Двоевластие; Жених царевны
| Autres auteurs: | |
|---|---|
| Langue: | russe |
| Publié: |
Москва, Армада, 1994
|
| TOC: | Михаил Федорович; П. Н. Полевой, Избранник Божий; А. Е. Зарин, Двоевластие; В. С. Соловьев, Жених царевны; |
| Sujets: | |
| Format: | MixedMaterials Livre |
| KOHA link: | https://koha.lib.tpu.ru/cgi-bin/koha/opac-detail.pl?biblionumber=85130 |
MARC
| LEADER | 00000nam0a2200000 4500 | ||
|---|---|---|---|
| 001 | 85130 | ||
| 005 | 20240618162750.0 | ||
| 010 | |a 5879950438 | ||
| 035 | |a (RuTPU)RU\TPU\book\91470 | ||
| 035 | |a RU\TPU\book\90010 | ||
| 090 | |a 85130 | ||
| 100 | |a 20051110d1994 m y0rusy5003 ca | ||
| 101 | 0 | |a rus | |
| 102 | |a RU | ||
| 105 | |a y z 001ac | ||
| 200 | 1 | |a Романовы. Михаил Федорович |e династия в романах |f сост. И. В. Новиков | |
| 210 | |a Москва |c Армада |d 1994 | ||
| 215 | |a 606 с | ||
| 320 | |a Хронологическая таблица: с. 601-605 | ||
| 464 | |t Михаил Федорович |o биографическая статья | ||
| 464 | |t Избранник Божий |o историческая повесть начала XVII века |f П. Н. Полевой | ||
| 464 | |t Двоевластие |o исторический роман |f А. Е. Зарин | ||
| 464 | |t Жених царевны |o роман-хроника XVII века в двух частях |f В. С. Соловьев |a Полевой, Петр Николаевич | ||
| 600 | 0 | |a Михаил Федорович |c русский царь |c из династии Романовых |f 1596-1645 |2 stltpush |3 (RuTPU)RU\TPU\pers\10059 | |
| 602 | |a Романовы |f 1613-1917 |c боярский род, царская фамилия с 1613, императорская фамилия с 1721 по 1917 |9 200 | ||
| 610 | 1 | |a русская литература | |
| 610 | 1 | |a исторические романы | |
| 610 | 1 | |a Россия | |
| 610 | 1 | |a 17 век | |
| 675 | |a Р1 |v 3 | ||
| 702 | 1 | |a Новиков |b И. В. |4 220 | |
| 801 | 0 | |a RU |b 63413507 |c 19950704 |g psbo | |
| 801 | 1 | |a RU |b 63413507 |c 20050923 |g PSBO | |
| 801 | 2 | |a RU |b 63413507 |c 20060911 |g PSBO | |
| 942 | |c BK | ||